The Petroleum system : from source to trap /

Guardado en:
Otros Autores: Magoon, Leslie B. (Editor ), Dow, Wallace G. (Editor )
Formato: Libro
Idioma:English
Publicado: Tulsa, Okla. : American Association of Petroleum Geologists, 1994.
Series:AAPG memoir ; 60
Materias:
Etiquetas: Agregar Etiqueta
Sin Etiquetas, Sea el primero en etiquetar este registro!
LEADER 01088nam a2200301 a 4500
001 EUN.eunm002965
005 20091229154549.0
008 941026s1994####okua#####b####001#0#eng#d
010 |a  94240285  
020 |a 0891813381 
040 |a LNLM  |c LNLM  |d WU  |d DLC 
050 0 0 |a TN870.5  |b .P4795 1994 
082 0 0 |a 553.2/8  |2 20 
245 0 4 |a The Petroleum system :  |b from source to trap /  |c edited by Leslie B. Magoon, Wallace G. Dow. 
260 |a Tulsa, Okla. :  |b American Association of Petroleum Geologists,  |c 1994. 
300 |a xiii, 655 p. :  |b il. ;  |c 29 cm. 
440 0 |a AAPG memoir ;  |v 60 
504 |a Incluye referencias bibliográficas e índice. 
650 7 |a Geología.  |2 unbist 
650 7 |a Geología del petróleo.  |2 unbist 
650 7 |a Petróleo.  |2 unbist 
650 7 |a Gas natural.  |2 unbist 
650 7 |a Reservas de petróleo.  |2 unbist 
650 7 |a Hidrocarburos.  |2 unbist 
700 1 |a Magoon, Leslie B.  |4 edt 
700 1 |a Dow, Wallace G.  |4 edt 
710 2 |a American Association of Petroleum Geologists.  |4 pbl 
859 |a AR-BaUNS  |b BIB. CENTRAL - Sector A  |h 553.28  |i M272  |p 121245/009